[Event "POL-ch blitz (Women)"]
[Site "Szczawno Zdroj"]
[Date "2018.12.16"]
[Round "1"]
[White "Pacak, Patrycja"]
[Black "Dwilewicz, Katarzyna"]
[Result "0-1"]
[WhiteElo "1759"]
[BlackElo "2027"]
[PlyCount "40"]
[EventDate "2018.12.16"]
[EventType "swiss (blitz)"]
[EventRounds "13"]
[EventCountry "POL"]
[SourceTitle "CBM 187 Extra"]
[Source "ChessBase"]
[SourceDate "2018.11.04"]
[SourceVersion "1"]
[SourceVersionDate "2018.11.04"]
[SourceQuality "1"]

1. e4 c5 2. Nc3 e6 3. g3 d5 4. Bg2 Nf6 5. e5 Nfd7 6. f4 Nc6 7. Nf3 Be7 8. 0-0 a6 9. d4 cxd4 10. Nxd4 Bc5 11. Be3 Nxd4 12. Bxd4 Qb6 13. Ne2 Bxd4+ 14. Qxd4 Qxd4+ 15. Nxd4 b5 16. c3 Bb7 17. Rfd1 g6 18. Bf3 Ke7 19. Kg2 Rhc8 20. Nc2 Nb6 0-1

[Event "POL-chT"]
[Site "Poland"]
[Date "2018.09.14"]
[Round "4.5"]
[White "Pacak, Patrycja"]
[Black "Warakomska, Anna"]
[Result "0-1"]
[WhiteElo "1754"]
[BlackElo "2349"]
[PlyCount "62"]
[EventDate "2018.06.08"]
[EventType "team-tourn"]
[EventRounds "9"]
[EventCountry "POL"]
[SourceTitle "EXT 2019"]
[Source "ChessBase"]
[SourceDate "2018.10.10"]
[SourceVersion "1"]
[SourceVersionDate "2018.10.10"]
[SourceQuality "1"]
[WhiteTeam "Czestochowa Hetman"]
[BlackTeam "Gliwice Akademia Szachowa"]
[WhiteTeamCountry "POL"]
[BlackTeamCountry "POL"]

1. f4 d5 2. Nf3 g6 3. g3 Bg7 4. Bg2 Nh6 5. d3 Nc6 6. Nc3 d4 7. Ne4 Nf5 8. c3 h5 9. Qa4 0-0 10. 0-0 Qe8 11. Nfg5 e5 12. c4 Ne3 13. Bxe3 dxe3 14. fxe5 Qxe5 15. b4 Qe7 16. Rab1 Nd4 17. h4 Nxe2+ 18. Kh2 f6 19. Qd1 Nd4 20. Re1 e2 21. Qc1 fxg5 22. Nxg5 c6 23. b5 Bg4 24. bxc6 bxc6 25. c5 Rf2 26. Ne4 Rxg2+ 27. Kxg2 Bf3+ 28. Kh2 Bxe4 29. dxe4 Nf3+ 30. Kh1 Qxe4 31. Qf4 Qxf4 0-1

[Event "POL-ch (Public Admin) 3rd rapid"]
[Site "Warsaw"]
[Date "2017.12.09"]
[Round "4.8"]
[White "Cichy, Kamil"]
[Black "Pacak, Patrycja"]
[Result "1-0"]
[WhiteElo "2024"]
[BlackElo "1754"]
[PlyCount "61"]
[EventDate "2017.12.09"]
[EventType "swiss (rapid)"]
[EventRounds "9"]
[EventCountry "POL"]
[SourceTitle "CBM 182 Extra"]
[Source "ChessBase"]
[SourceDate "2018.02.23"]
[SourceVersion "1"]
[SourceVersionDate "2018.02.23"]
[SourceQuality "1"]

1. e4 e6 2. Nc3 d5 3. d4 Bb4 4. Bd3 c5 5. exd5 cxd4 6. Bb5+ Bd7 7. Bxd7+ Qxd7 8. Qxd4 Bxc3+ 9. Qxc3 Nf6 10. dxe6 Qxe6+ 11. Qe3 Qxe3+ 12. Bxe3 0-0 13. 0-0-0 Nc6 14. Nf3 Rac8 15. a3 Rfe8 16. h3 a5 17. Nd4 Nxd4 18. Rxd4 h6 19. Rhd1 b5 20. Kb1 Kf8 21. Rd6 Rb8 22. Ra6 a4 23. Ra7 Rec8 24. g4 Ne4 25. Rdd7 b4 26. Rxf7+ Kg8 27. Rxg7+ Kh8 28. Rh7+ Kg8 29. Rag7+ Kf8 30. Bxh6 bxa3 31. Rh8# 1-0

[Event "POL-chT 2nd League"]
[Site "Mrzezyno"]
[Date "2011.09.09"]
[Round "7.42"]
[White "Pacak, Patrycja"]
[Black "Tymrakiewicz, Marianna"]
[Result "1/2-1/2"]
[WhiteElo "1754"]
[BlackElo "1870"]
[PlyCount "62"]
[EventDate "2011.09.03"]
[EventType "team-swiss"]
[EventRounds "9"]
[EventCountry "POL"]
[SourceTitle "EXT 2015"]
[Source "ChessBase"]
[SourceDate "2014.11.20"]
[SourceVersion "1"]
[SourceVersionDate "2014.11.20"]
[SourceQuality "1"]
[WhiteTeam "Czestochowa UKS Hetman"]
[BlackTeam "Chroscice LZS Victoria"]
[WhiteTeamCountry "POL"]
[BlackTeamCountry "POL"]

1. e4 e5 2. Nc3 Bc5 3. f4 d6 4. Nf3 Nf6 5. fxe5 dxe5 6. Nxe5 Qd4 7. Nd3 Bb6 8. b3 0-0 9. Bb2 Re8 10. Qf3 Bg4 11. Qf4 Nxe4 12. Ne2 Qd7 13. 0-0-0 Nc6 14. Kb1 Nc5 15. Nxc5 Bxc5 16. Qg5 Bd4 17. Nxd4 Nxd4 18. Rc1 Be2 19. Bxe2 Rxe2 20. h4 Rae8 21. h5 h6 22. Qg3 Rxd2 23. Rh4 c5 24. Rg4 f6 25. Rg6 Kf8 26. Qc3 Ne6 27. Qf3 Ng5 28. Qf4 Re6 29. Qc4 b6 30. a4 Re4 31. Qf1 Qe7 1/2-1/2

[Event "POL-chT 2nd League"]
[Site "Mrzezyno"]
[Date "2011.09.06"]
[Round "4"]
[White "Pacak, Patrycja"]
[Black "Wesolowska, Katarzyna"]
[Result "1-0"]
[WhiteElo "1754"]
[BlackElo "1765"]
[PlyCount "33"]
[EventDate "2011.09.03"]
[EventType "team-swiss"]
[EventRounds "9"]
[EventCountry "POL"]
[SourceTitle "EXT 2015"]
[Source "ChessBase"]
[SourceDate "2014.11.20"]
[SourceVersion "1"]
[SourceVersionDate "2014.11.20"]
[SourceQuality "1"]
[WhiteTeam "Czestochowa UKS Hetman"]
[BlackTeam "Wolsztyn UKS Szach"]
[WhiteTeamCountry "POL"]
[BlackTeamCountry "POL"]

1. e4 e6 2. d4 d5 3. Nc3 Bb4 4. Bd2 c5 5. exd5 cxd4 6. Nb5 Bxd2+ 7. Qxd2 a6 8. Nxd4 Qxd5 9. 0-0-0 Nf6 10. Nge2 e5 11. Qg5 Nbd7 12. Nf5 Qxa2 13. Nc3 Qa1+ 14. Nb1 g6 15. Rxd7 gxf5 16. Qxf6 0-0 17. Rd3 1-0

[Event "POL-chT 2nd League"]
[Site "Mrzezyno"]
[Date "2011.09.05"]
[Round "3.54"]
[White "Maszota, Natalia"]
[Black "Pacak, Patrycja"]
[Result "1-0"]
[WhiteElo "2112"]
[BlackElo "1754"]
[PlyCount "81"]
[EventDate "2011.09.03"]
[EventType "team-swiss"]
[EventRounds "9"]
[EventCountry "POL"]
[SourceTitle "EXT 2019"]
[Source "ChessBase"]
[SourceDate "2018.10.10"]
[SourceVersion "1"]
[SourceVersionDate "2018.10.10"]
[SourceQuality "1"]
[WhiteTeam "Gdynia Korsarz"]
[BlackTeam "Czestochowa UKS Hetman"]
[WhiteTeamCountry "POL"]
[BlackTeamCountry "POL"]

1. e4 e6 2. d3 d5 3. Nd2 c5 4. g3 Nf6 5. Bg2 Nc6 6. Ngf3 Be7 7. 0-0 b6 8. e5 Nd7 9. Re1 Bb7 10. c3 Qc7 11. Qe2 g5 12. h3 h5 13. g4 0-0-0 14. Nf1 hxg4 15. hxg4 Rdg8 16. Bd2 Kb8 17. d4 Nf8 18. Ng3 f6 19. exf6 Bxf6 20. Nh5 Be7 21. Ne5 cxd4 22. Nxc6+ Bxc6 23. cxd4 Rh6 24. Rac1 Qd7 25. Rc3 Bb4 26. Rf3 Bxd2 27. Qxd2 e5 28. Nf6 Qd6 29. dxe5 Qe6 30. Nxg8 Qxg8 31. Rf6 Qh8 32. Qxg5 Rxf6 33. Qxf6 Qxf6 34. exf6 Nh7 35. f7 Kc7 36. g5 Nf8 37. Re8 Ng6 38. f8Q Nxf8 39. Rxf8 Kd6 40. g6 Ke7 41. g7 1-0

[Event "POL-chT 2nd League"]
[Site "Mrzezyno"]
[Date "2011.09.03"]
[Round "1"]
[White "Kaczorowska, Barbara"]
[Black "Pacak, Patrycja"]
[Result "1-0"]
[WhiteElo "2150"]
[BlackElo "1754"]
[PlyCount "77"]
[EventDate "2011.09.03"]
[EventType "team-swiss"]
[EventRounds "9"]
[EventCountry "POL"]
[SourceTitle "EXT 2015"]
[Source "ChessBase"]
[SourceDate "2014.11.20"]
[SourceVersion "1"]
[SourceVersionDate "2014.11.20"]
[SourceQuality "1"]
[WhiteTeam "Warszawa KU AZS UW w"]
[BlackTeam "Czestochowa UKS Hetman"]
[WhiteTeamCountry "POL"]
[BlackTeamCountry "POL"]

1. d4 e6 2. c4 f5 3. g3 Nf6 4. Nc3 Bb4 5. Bg2 0-0 6. Nh3 d6 7. Qb3 Nc6 8. Be3 Ne4 9. 0-0 Bxc3 10. bxc3 Na5 11. Qa4 c5 12. Bxe4 Bd7 13. Qc2 fxe4 14. Qxe4 cxd4 15. cxd4 Nxc4 16. Ng5 Rf5 17. Nxe6 Qf6 18. Qxb7 Re8 19. Nf4 Nxe3 20. Qxd7 Rd8 21. Qe6+ Qxe6 22. Nxe6 Re8 23. Nxg7 Kxg7 24. fxe3 Rxf1+ 25. Kxf1 Rxe3 26. Rc1 Ra3 27. Rc6 Rxa2 28. Rxd6 a5 29. Ra6 a4 30. Kf2 a3 31. Ke3 Ra1 32. d5 a2 33. Ke4 Kf7 34. Ke5 h6 35. Ra7+ Ke8 36. Ke6 Kd8 37. d6 Kc8 38. d7+ Kd8 39. Ra8+ 1-0

[Event "POL-ch U18 Girls"]
[Site "Murzasichle"]
[Date "2011.03.05"]
[Round "1"]
[White "Pacak, Patrycja"]
[Black "Potyrala, Patrycja"]
[Result "1-0"]
[WhiteElo "1734"]
[BlackElo "1382"]
[PlyCount "32"]
[EventDate "2011.03.05"]
[EventType "swiss"]
[EventRounds "9"]
[EventCountry "POL"]
[SourceTitle "EXT 2012"]
[Source "ChessBase"]
[SourceDate "2011.11.24"]
[SourceVersion "1"]
[SourceVersionDate "2011.11.24"]
[SourceQuality "1"]

1. e4 c6 2. Nc3 d5 3. d4 dxe4 4. Nxe4 Bf5 5. Ng3 Bg6 6. Nf3 e6 7. Bf4 Nd7 8. Bc4 Nb6 9. Bb3 Bd6 10. Ne5 Qh4 11. Nxg6 Bb4+ 12. c3 Bxc3+ 13. bxc3 hxg6 14. Qd2 0-0-0 15. Bg5 Qh7 16. Bxd8 Kxd8 1-0

[Event "POL-chT U19 2nd League"]
[Site "Chelm Lubelski"]
[Date "2010.07.13"]
[Round "10"]
[White "Pacak, Patrycja"]
[Black "Zawislak, Zaneta"]
[Result "1/2-1/2"]
[WhiteElo "1771"]
[BlackElo "1514"]
[PlyCount "77"]
[EventDate "2010.07.06"]
[EventType "team-tourn"]
[EventRounds "11"]
[EventCountry "POL"]
[SourceTitle "EXT 2011"]
[Source "ChessBase"]
[SourceDate "2010.11.26"]
[SourceVersion "1"]
[SourceVersionDate "2010.11.26"]
[SourceQuality "1"]
[WhiteTeam "Czestochowa UKS Hetman U19"]
[BlackTeam "Lesniowice U19"]
[WhiteTeamCountry "POL"]
[BlackTeamCountry "POL"]

1. e4 e5 2. Nc3 Bc5 3. f4 d6 4. Bc4 exf4 5. Nf3 Nf6 6. d4 Bb6 7. 0-0 0-0 8. Bxf4 Re8 9. Kh1 Nxe4 10. Bxf7+ Kxf7 11. Ng5+ Kg8 12. Ngxe4 Nc6 13. Ng5 Nxd4 14. Na4 Ne6 15. Qh5 Nxg5 16. Bxg5 Qd7 17. Nxb6 axb6 18. Rae1 Rxe1 19. Rxe1 g6 20. Qf3 Qf7 21. Qxf7+ Kxf7 22. Re7+ Kg8 23. Rxc7 Bf5 24. a3 Rc8 25. Rxc8+ Bxc8 26. Bd8 b5 27. Bc7 d5 28. Kg1 Kf7 29. Kf2 Ke6 30. Ke3 Kf5 31. Kd4 Ke6 32. Kc5 Bd7 33. Kb6 Bc6 34. Kc5 Kf5 35. Kd4 g5 36. Bd6 g4 37. Bg3 h5 38. Bc7 Ke6 39. Bf4 1/2-1/2

[Event "POL-chT U19 2nd League"]
[Site "Chelm Lubelski"]
[Date "2010.07.12"]
[Round "9"]
[White "Pacak, Patrycja"]
[Black "Byrka, Joanna"]
[Result "0-1"]
[WhiteElo "1771"]
[BlackElo "1832"]
[PlyCount "118"]
[EventDate "2010.07.06"]
[EventType "team-tourn"]
[EventRounds "11"]
[EventCountry "POL"]
[SourceTitle "EXT 2011"]
[Source "ChessBase"]
[SourceDate "2010.11.26"]
[SourceVersion "1"]
[SourceVersionDate "2010.11.26"]
[SourceQuality "1"]
[WhiteTeam "Czestochowa UKS Hetman U19"]
[BlackTeam "Kielce KMKSz Victoria U19"]
[WhiteTeamCountry "POL"]
[BlackTeamCountry "POL"]

1. e4 c5 2. Nc3 Nc6 3. g3 Nf6 4. Bg2 e6 5. f4 d5 6. e5 Nd7 7. Nf3 Be7 8. d4 0-0 9. Be3 Rb8 10. Ne2 b5 11. 0-0 b4 12. g4 c4 13. Qe1 b3 14. c3 bxa2 15. Rxa2 Rb5 16. Qg3 Qb6 17. Rb1 Ra5 18. Rxa5 Qxa5 19. f5 Qa2 20. Nd2 Na5 21. g5 Nb3 22. Qe1 Nxd2 23. Bxd2 exf5 24. Bxd5 Qa5 25. Bxc4 Nxe5 26. dxe5 Qc5+ 27. Qf2 Qxc4 28. Nd4 Bc5 29. Re1 Qd5 30. Be3 Bb7 31. Nf3 Bxe3 32. Rxe3 f4 33. Re1 Qxf3 34. Qxf3 Bxf3 35. Rf1 Bc6 36. Rxf4 Rd8 37. Rc4 Bb5 38. Rc7 g6 39. Rxa7 Rd2 40. Rb7 Rg2+ 41. Kxg2 Bc6+ 42. Kf2 Bxb7 43. Ke3 Kf8 44. Kd4 Ke7 45. c4 Ke6 46. b4 Kf5 47. b5 Bg2 48. c5 Bf1 49. b6 Bg2 50. h4 Bc6 51. Kc4 Kxe5 52. Kb4 Kd5 53. Ka5 Kxc5 54. Ka6 Kd5 55. b7 Bxb7+ 56. Kxb7 Ke5 57. Kc7 Kf5 58. Kd7 Kg4 59. Ke7 Kxh4 0-1

[Event "POL-chT U19 2nd League"]
[Site "Chelm Lubelski"]
[Date "2010.07.11"]
[Round "7"]
[White "Szurek, Oriana"]
[Black "Pacak, Patrycja"]
[Result "1-0"]
[WhiteElo "1496"]
[BlackElo "1771"]
[PlyCount "95"]
[EventDate "2010.07.06"]
[EventType "team-tourn"]
[EventRounds "11"]
[EventCountry "POL"]
[SourceTitle "EXT 2011"]
[Source "ChessBase"]
[SourceDate "2010.11.26"]
[SourceVersion "1"]
[SourceVersionDate "2010.11.26"]
[SourceQuality "1"]
[WhiteTeam "Rydultowy Ognisko U19"]
[BlackTeam "Czestochowa UKS Hetman U19"]
[WhiteTeamCountry "POL"]
[BlackTeamCountry "POL"]

1. e4 e6 2. d4 d5 3. exd5 exd5 4. Bd3 Bd6 5. Ne2 Nc6 6. Nbc3 Nb4 7. Bf4 Nxd3+ 8. Qxd3 c6 9. Bxd6 Qxd6 10. 0-0 Ne7 11. Ng3 Be6 12. Rfe1 0-0-0 13. Na4 Kb8 14. Nc5 Bc8 15. a4 g5 16. b4 b6 17. Rab1 Ka8 18. Na6 h5 19. a5 Bxa6 20. Qxa6 b5 21. Re2 h4 22. Rbe1 hxg3 23. Rxe7 gxf2+ 24. Kxf2 Rd7 25. Re8+ Rxe8 26. Rxe8+ Rd8 27. Rxd8+ Qxd8 28. Qxc6+ Kb8 29. Qxb5+ Ka8 30. Qc6+ Kb8 31. a6 Qe7 32. Qxd5 Qf6+ 33. Ke2 Qxa6+ 34. Kd2 Qf1 35. Qxg5 Qf2+ 36. Kc3 Qe1+ 37. Qd2 Qa1+ 38. Kd3 Qa6+ 39. c4 Qg6+ 40. Kc3 Qe4 41. Qf2 Qb1 42. Qf4+ Kc8 43. Qg4+ Kc7 44. Qg3+ Kb7 45. Qf3+ Kb8 46. Qe2 Qa1+ 47. Qb2 Qe1+ 48. Kb3 1-0

[Event "POL-chT 2nd League"]
[Site "Miedzyzdroje"]
[Date "2009.09.20"]
[Round "9"]
[White "Pacak, Patrycja"]
[Black "Iwanow, Anna"]
[Result "1/2-1/2"]
[WhiteElo "1793"]
[BlackElo "2045"]
[PlyCount "53"]
[EventDate "2009.09.12"]
[EventType "team-swiss"]
[EventRounds "9"]
[EventCountry "POL"]
[SourceTitle "EXT 2019"]
[Source "ChessBase"]
[SourceDate "2018.10.10"]
[SourceVersion "1"]
[SourceVersionDate "2018.10.10"]
[SourceQuality "1"]
[WhiteTeam "Czestochowa UKS Hetman"]
[BlackTeam "Wroclaw KS Polonia"]
[WhiteTeamCountry "POL"]
[BlackTeamCountry "POL"]

1. e4 e5 2. Nc3 Nf6 3. f4 d5 4. fxe5 Nxe4 5. Nf3 Nc6 6. Qe2 Bf5 7. d3 Nxc3 8. bxc3 d4 9. Bb2 Bc5 10. Qf2 dxc3 11. Qxc5 cxb2 12. Rb1 Qe7 13. Qxe7+ Nxe7 14. Rxb2 0-0-0 15. Be2 Nc6 16. 0-0 h6 17. d4 Rhe8 18. c3 Re7 19. Nd2 Be6 20. Ne4 Bd5 21. Nc5 Na5 22. Rfb1 b6 23. Ba6+ Kb8 24. Nb3 Nc4 25. Bxc4 Bxc4 26. Na5 Bd5 27. Nb3 1/2-1/2

[Event "POL-chT 2nd League"]
[Site "Miedzyzdroje"]
[Date "2009.09.17"]
[Round "6"]
[White "Pacak, Patrycja"]
[Black "Barburzynska, Magdalena"]
[Result "1-0"]
[WhiteElo "1793"]
[BlackElo "1928"]
[PlyCount "51"]
[EventDate "2009.09.12"]
[EventType "team-swiss"]
[EventRounds "9"]
[EventCountry "POL"]
[SourceTitle "EXT 2019"]
[Source "ChessBase"]
[SourceDate "2018.10.10"]
[SourceVersion "1"]
[SourceVersionDate "2018.10.10"]
[SourceQuality "1"]
[WhiteTeam "Czestochowa UKS Hetman"]
[BlackTeam "Wroclaw Hetman"]
[WhiteTeamCountry "POL"]
[BlackTeamCountry "POL"]

1. e4 g6 2. d4 Bg7 3. Nc3 c6 4. Be3 d6 5. f3 Nd7 6. Qd2 Qa5 7. Bc4 b5 8. Bb3 Nb6 9. Nge2 Rb8 10. 0-0 Nc4 11. Bxc4 bxc4 12. Rab1 Ba6 13. f4 Nf6 14. h3 Nd7 15. f5 0-0 16. Bh6 Rb7 17. Bxg7 Kxg7 18. Qg5 Nf6 19. Nf4 Kh8 20. e5 dxe5 21. fxg6 hxg6 22. dxe5 Qc5+ 23. Kh1 Nh7 24. Qh6 e6 25. Ne4 Qxe5 26. Nxg6+ 1-0

[Event "POL-chT 2nd League"]
[Site "Miedzyzdroje"]
[Date "2009.09.16"]
[Round "5"]
[White "Andrzejewska, Anna"]
[Black "Pacak, Patrycja"]
[Result "1/2-1/2"]
[WhiteElo "2035"]
[BlackElo "1793"]
[PlyCount "71"]
[EventDate "2009.09.12"]
[EventType "team-swiss"]
[EventRounds "9"]
[EventCountry "POL"]
[SourceTitle "EXT 2019"]
[Source "ChessBase"]
[SourceDate "2018.10.10"]
[SourceVersion "1"]
[SourceVersionDate "2018.10.10"]
[SourceQuality "1"]
[WhiteTeam "Zielonka Zieloni"]
[BlackTeam "Czestochowa UKS Hetman"]
[WhiteTeamCountry "POL"]
[BlackTeamCountry "POL"]

1. e4 e5 2. Nf3 f5 3. Nxe5 Nc6 4. d4 Nxe5 5. dxe5 Qe7 6. exf5 Qxe5+ 7. Qe2 Qxe2+ 8. Bxe2 Nf6 9. Nc3 Bb4 10. Bd2 d5 11. g4 c6 12. f3 b6 13. 0-0-0 Bb7 14. g5 Nd7 15. f4 0-0-0 16. Kb1 Nc5 17. a3 Bxc3 18. Bxc3 Rhg8 19. Bg4 Kb8 20. Be5+ Ka8 21. f6 gxf6 22. Bxf6 Rdf8 23. Bf5 Ne4 24. Bxe4 dxe4 25. Rd7 h6 26. h4 c5 27. Bg7 e3 28. Re1 Rxf4 29. Rxe3 Bc6 30. gxh6 Bxd7 31. h7 Re8 32. h8Q Rxh8 33. Bxh8 Rxh4 34. Bf6 Rh7 35. Re7 Rxe7 36. Bxe7 1/2-1/2

[Event "Rewal op-B 14th"]
[Site "Rewal"]
[Date "2009.08.25"]
[Round "5"]
[White "Milanowski, Jan"]
[Black "Pacak, Patrycja"]
[Result "1-0"]
[WhiteElo "2109"]
[BlackElo "1802"]
[PlyCount "53"]
[EventDate "2009.08.20"]
[EventType "swiss"]
[EventRounds "9"]
[EventCountry "POL"]
[SourceTitle "EXT 2011"]
[Source "ChessBase"]
[SourceDate "2010.11.26"]
[SourceVersion "1"]
[SourceVersionDate "2010.11.26"]
[SourceQuality "1"]

1. d4 e6 2. Nf3 d5 3. Bf4 Bd6 4. Bg3 Nf6 5. Nbd2 0-0 6. e3 Nc6 7. Ne5 Nd7 8. Ndf3 f6 9. Nxc6 bxc6 10. Be2 Qe8 11. c4 g5 12. Qc2 Rb8 13. c5 Bxg3 14. hxg3 Qg6 15. Bd3 f5 16. g4 Nf6 17. Ne5 Qe8 18. gxf5 Ne4 19. f3 Ng3 20. Rh3 Nxf5 21. g4 Nxe3 22. Qh2 Rf7 23. Rxh7 Ng2+ 24. Kd1 Nh4 25. Rxf7 Rb4 26. Bh7+ Kh8 27. Ng6+ 1-0

[Event "POL-chT U19 1st League"]
[Site "Chotowa"]
[Date "2009.07.??"]
[Round "2"]
[White "Pacak, Patrycja"]
[Black "Gluszko, Monika"]
[Result "0-1"]
[WhiteElo "1802"]
[BlackElo "1940"]
[PlyCount "58"]
[EventDate "2009.07.06"]
[EventType "team-tourn"]
[EventRounds "9"]
[EventCountry "POL"]
[SourceTitle "EXT 2012"]
[Source "ChessBase"]
[SourceDate "2011.11.24"]
[SourceVersion "1"]
[SourceVersionDate "2011.11.24"]
[SourceQuality "1"]
[WhiteTeam "Czestochowa UKS Hetman U19"]
[BlackTeam "Warszawa Polonia U19"]
[WhiteTeamCountry "POL"]
[BlackTeamCountry "POL"]

1. e4 c5 2. b4 cxb4 3. a3 d5 4. e5 Nc6 5. d4 Qb6 6. Ne2 Bf5 7. Ng3 Bg6 8. Bd3 Qxd4 9. Bb5 Qxa1 10. Qxd5 Rc8 11. e6 Nf6 12. Qc5 Qxb1 13. 0-0 Qxc2 14. Qxa7 Qc4 15. Qxb7 Qxe6 16. Be3 Qd7 17. Qa6 b3 18. Bd4 e6 19. Rc1 Bc2 20. Bxf6 gxf6 21. Nh5 Be7 22. Qa4 b2 23. Qxc2 bxc1Q+ 24. Qxc1 Rg8 25. Qh6 Rb8 26. Bf1 Qd5 27. Ng7+ Kd7 28. Qxh7 Ne5 29. f3 Nxf3+ 0-1

[Event "POL-ch U16 Girls"]
[Site "Chotowa"]
[Date "2009.04.05"]
[Round "11"]
[White "Adamowicz, Katarzyna"]
[Black "Pacak, Patrycja"]
[Result "0-1"]
[WhiteElo "2077"]
[BlackElo "1760"]
[PlyCount "120"]
[EventDate "2009.03.28"]
[EventType "swiss"]
[EventRounds "11"]
[EventCountry "POL"]
[SourceTitle "EXT 2018"]
[Source "ChessBase"]
[SourceDate "2017.10.13"]
[SourceVersion "1"]
[SourceVersionDate "2017.10.13"]
[SourceQuality "1"]

1. e4 e5 2. Nf3 f5 3. Nxe5 Nc6 4. Nxc6 dxc6 5. Bc4 Nf6 6. e5 Ng4 7. d4 Qh4 8. g3 Qe7 9. c3 Be6 10. Qb3 Bxc4 11. Qxc4 0-0-0 12. 0-0 g5 13. Nd2 h5 14. Nf3 f4 15. b4 h4 16. a4 hxg3 17. fxg3 Kb8 18. gxf4 gxf4 19. Ra2 Bh6 20. b5 cxb5 21. axb5 Ne3 22. Bxe3 Rdg8+ 23. Kh1 fxe3 24. Qa4 Qf7 25. Qxa7+ Kc8 26. Qa4 Bf4 27. Qc2 Kd7 28. Raa1 Bxh2 29. Nh4 Qd5+ 30. Ng2 Bxe5+ 31. Kg1 Bh2+ 32. Kh1 Bg3+ 33. Kg1 Bf2+ 34. Rxf2 exf2+ 35. Qxf2 Rxg2+ 36. Qxg2 Rg8 37. Qxg8 Qxg8+ 38. Kf2 Qc4 39. Rg1 Qxc3 40. Rg4 Qc2+ 41. Ke3 Qb3+ 42. Ke4 Qe6+ 43. Kf4 b6 44. Rg7+ Kc8 45. Rg5 Qf6+ 46. Rf5 Qxd4+ 47. Kg5 Kb7 48. Kg6 Qd6+ 49. Kg5 Qg3+ 50. Kh5 Qb3 51. Kg6 Qg8+ 52. Kf6 c6 53. bxc6+ Kxc6 54. Rh5 b5 55. Rh1 Qd8+ 56. Kg7 b4 57. Rc1+ Kb5 58. Rb1 Qd3 59. Rh1 b3 60. Rh5+ Kc4 0-1

[Event "POL-ch U16 Girls"]
[Site "Chotowa"]
[Date "2009.04.04"]
[Round "10"]
[White "Pacak, Patrycja"]
[Black "Krupa, Anna"]
[Result "1-0"]
[WhiteElo "1760"]
[BlackElo "1816"]
[PlyCount "91"]
[EventDate "2009.03.28"]
[EventType "swiss"]
[EventRounds "11"]
[EventCountry "POL"]
[SourceTitle "EXT 2011"]
[Source "ChessBase"]
[SourceDate "2010.11.26"]
[SourceVersion "1"]
[SourceVersionDate "2010.11.26"]
[SourceQuality "1"]

1. e4 c5 2. b4 cxb4 3. a3 bxa3 4. Bxa3 d6 5. d4 Nf6 6. Bd3 Nc6 7. c3 e6 8. Ne2 Be7 9. 0-0 0-0 10. Nd2 Rb8 11. f4 b5 12. h3 b4 13. Bb2 e5 14. d5 bxc3 15. Bxc3 Nb4 16. fxe5 dxe5 17. Nc4 Bc5+ 18. Kh1 Ng4 19. Bxe5 Nxe5 20. Nxe5 Qe7 21. Nf3 Re8 22. Nc3 Bb7 23. e5 Nxd5 24. Nxd5 Bxd5 25. Bxh7+ Kxh7 26. Qxd5 Red8 27. Qxf7 Qxf7 28. Ng5+ Kg6 29. Nxf7 Re8 30. Ra6+ Bb6 31. Ra4 Kh7 32. Rh4+ Kg6 33. e6 Bd8 34. Ne5+ Kg5 35. Rg4+ Kh6 36. Rg6+ Kh7 37. Rf7 Rg8 38. Rf5 Re8 39. Rf7 Rg8 40. Rf5 Re8 41. Rh5+ Kg8 42. Nf7 Rb1+ 43. Kh2 Bc7+ 44. g3 Rb2+ 45. Kh1 Rxe6 46. Nh6+ 1-0

[Event "POL-ch U16 Girls"]
[Site "Chotowa"]
[Date "2009.03.31"]
[Round "5"]
[White "Dobrzanska, Joanna"]
[Black "Pacak, Patrycja"]
[Result "0-1"]
[WhiteElo "1650"]
[BlackElo "1760"]
[PlyCount "54"]
[EventDate "2009.03.28"]
[EventType "swiss"]
[EventRounds "11"]
[EventCountry "POL"]
[SourceTitle "EXT 2011"]
[Source "ChessBase"]
[SourceDate "2010.11.26"]
[SourceVersion "1"]
[SourceVersionDate "2010.11.26"]
[SourceQuality "1"]

1. e4 e6 2. d4 d5 3. e5 c5 4. c3 Qb6 5. Nf3 Nc6 6. Be2 cxd4 7. cxd4 Nge7 8. Na3 Nf5 9. Nc2 Bb4+ 10. Kf1 Be7 11. g4 Nh4 12. Nxh4 Bxh4 13. b3 Nxe5 14. Be3 Ng6 15. h3 0-0 16. Kg2 Qc7 17. Qc1 f5 18. Kf1 Bd7 19. Nb4 Qb8 20. Nd3 e5 21. dxe5 Nxe5 22. Nxe5 Qxe5 23. Bf4 Qd4 24. Be3 Qe4 25. Rg1 Rac8 26. Qd1 fxg4 27. hxg4 Qxe3 0-1

[Event "POL-ch U16 Girls"]
[Site "Chotowa"]
[Date "2009.03.30"]
[Round "3"]
[White "Wieczorek, Aleksandra"]
[Black "Pacak, Patrycja"]
[Result "1-0"]
[WhiteElo "1614"]
[BlackElo "1760"]
[PlyCount "75"]
[EventDate "2009.03.28"]
[EventType "swiss"]
[EventRounds "11"]
[EventCountry "POL"]
[SourceTitle "EXT 2011"]
[Source "ChessBase"]
[SourceDate "2010.11.26"]
[SourceVersion "1"]
[SourceVersionDate "2010.11.26"]
[SourceQuality "1"]

1. e4 Nc6 2. Nc3 e6 3. Nf3 d5 4. d3 d4 5. Nb1 e5 6. Nbd2 f6 7. g3 Be6 8. Bg2 Qd7 9. 0-0 Bh3 10. a3 h5 11. Nh4 Nge7 12. Bxh3 Qxh3 13. Qf3 Qe6 14. Nf5 g5 15. Nxe7 Nxe7 16. b4 g4 17. Qe2 0-0-0 18. b5 h4 19. a4 Ng6 20. Nc4 Rd7 21. a5 Rdh7 22. b6 cxb6 23. axb6 a6 24. Ba3 hxg3 25. fxg3 Bh6 26. Rf2 Bf4 27. Rg2 Nh4 28. gxh4 Rxh4 29. Nd6+ Kb8 30. Nf5 Rxh2 31. Rxh2 Rxh2 32. Qxg4 Rxc2 33. Bd6+ Ka8 34. Qg7 Rc7 35. Bxc7 Qc8 36. Ra5 Qe8 37. Rd5 Bh2+ 38. Kh1 1-0